| 000 | 00391cam a2200169ua 4500 | ||
|---|---|---|---|
| 001 | 6513 | ||
| 008 | 131216n ii |||gr||||Z||||||eng | ||
| 020 | _a81-7881-658-X | ||
| 040 | _cMAIN | ||
| 082 | _a658 | ||
| 245 | 1 | 1 | _aPortfolio management |
| 260 |
_aHyderabad: _bThe ICFAI University, _c2004. |
||
| 300 | _ax,648p. | ||
| 653 | _aCommerce | ||
| 653 | _aPortfolio management | ||
| 942 | _cBK | ||
| 999 |
_c5662 _d5662 |
||